1187 1893 1320 1291 1460 1821 1905 1092 1350 1390 1156 1450 1911 1606 1778 1738 1006 1717 1106 1177 1736 1302 1568 1786 1670 1300 1562 1792 1725 1468 1758 1467 1836 1090 1192 1507 1265 1567 1205 1751 1527 1702 1803 1562 1890 1030 1235 1411 1682 1011 1769 1802 1329 1867 1722 1410 1670 1338 1605 1000 1931 1142 1529 1235 1054 1084 1766 1857 1255 1629 1340 1226 1149 1482 1466 1248 1513 1562 1944 1252 1044 1822 1223 1905 1401 1457 1572 1751 1248 1476 1714 1111 1115 1269 1471 1058 1859 1326 1558 BCNSPRNW ULIB Ver.6.0+V

เปลี่ยนเป็นภาษาไทย

Change to English
 แสดงรายละเอียดบรรณานุกรม
  กลับหน้าหลัก

Brief Record : Get Marc (ISO 2709) : E-mail record : QR code < ปิดหน้าต่าง
LEADER : 00000nam 2200000uu 4500
001    13399123499
003     ULIB
008    141001s2556||||th 000 0 tha d
020    ^a9786161115326
060  4 ^aWA590^bร481ท
100 1  ^aRimer, Barbara K.
245 10 ^aทฤษฎีการสร้างเสริมสุขภาพ :^bฉบับสรุปสาระสำคัญ /^cBarbara K. Rimer, Karen Glanz ผู้แต่ง ; สินศักดิ์ชนม์ อุ่นพรมมี, ศรีเสาวลักษณ์ อุ่นพรมมี ผู้แปล
250    ^aพิมพ์ครั้งที่ 1
260    ^aนนทบุรี :^bโครงการสวัสดิการวิชาการ สถาบันพระบรมราชชนก,^c2556
300    ^a89 หน้า
650  7 ^aการส่งเสริมสุขภาพ
650  7 ^aสุขภาพ
650  7 ^aพฤติกรรมสุขภาพ
700 1  ^aGlanz, Karen
700 0  ^aสินศักดิ์ชนม์ อุ่นพรมมี,^eผู้แปล
700 0  ^aศรีเสาวลักษณ์ อุ่นพรมมี,^eผู้แปล
700 1  ^aริเมอร์, บาร์บารา เค.
700 1  ^aแกลนซ์, คาเร็น
945    ^p220^l0^i20847
945    ^p220^l0^i20848
945    ^p220^l0^i20849
945    ^p220^l0^i20850
945    ^p220^l0^i20851
945    ^p220^l0^i20852
945    ^p220^l0^i20853
945    ^p220^l0^i20854
945    ^p220^l0^i20855
945    ^p220^l0^i20856
999    ^aทศพร เกษรทอง
รายการนี้ยังไม่มีแท็ก
คุณยังไม่ได้ล็อกอิน คุณสามารถมีกิจกรรมร่วมกับเว็บไซต์ได้ แต่ต้องล็อกอินก่อน ::
  ล็อกอิน

รายการสื่อสารสนเทศ

ลำดับที่ ประเภท เลขเรียก/บาร์โค้ด สถานที่ สถานะ
1. วิทยาศาสตร์การแพทย์ และสุขภาพ
วิทยาศาสตร์การแพทย์ และสุขภาพ
สถานะ=หนังสือเก่า
WA590 ร481ท ฉ.1 
  Barcode: 20847
ห้องสมุดวิทยาเขตนครสวรรค์
►ส่วนจัดเก็บหนังสือเก่า นว.
บนชั้น
  ขอยืม
2. วิทยาศาสตร์การแพทย์ และสุขภาพ
วิทยาศาสตร์การแพทย์ และสุขภาพ
สถานะ=หนังสือเก่า
WA590 ร481ท ฉ.10 
  Barcode: 20856
ห้องสมุดวิทยาเขตนครสวรรค์
►ส่วนจัดเก็บหนังสือเก่า นว.
บนชั้น
  ขอยืม
3. วิทยาศาสตร์การแพทย์ และสุขภาพ
วิทยาศาสตร์การแพทย์ และสุขภาพ
สถานะ=หนังสือเก่า
WA590 ร481ท ฉ.2 
  Barcode: 20848
ห้องสมุดวิทยาเขตนครสวรรค์
►ส่วนจัดเก็บหนังสือเก่า นว.
บนชั้น
  ขอยืม
4. วิทยาศาสตร์การแพทย์ และสุขภาพ
วิทยาศาสตร์การแพทย์ และสุขภาพ
สถานะ=หนังสือเก่า
WA590 ร481ท ฉ.3 
  Barcode: 20849
ห้องสมุดวิทยาเขตนครสวรรค์
►ส่วนจัดเก็บหนังสือเก่า นว.
บนชั้น
  ขอยืม
5. วิทยาศาสตร์การแพทย์ และสุขภาพ
วิทยาศาสตร์การแพทย์ และสุขภาพ
สถานะ=หนังสือเก่า
WA590 ร481ท ฉ.4 
  Barcode: 20850
ห้องสมุดวิทยาเขตนครสวรรค์
►ส่วนจัดเก็บหนังสือเก่า นว.
บนชั้น
  ขอยืม
6. วิทยาศาสตร์การแพทย์ และสุขภาพ
วิทยาศาสตร์การแพทย์ และสุขภาพ
สถานะ=หนังสือเก่า
WA590 ร481ท ฉ.5 
  Barcode: 20851
ห้องสมุดวิทยาเขตนครสวรรค์
►ส่วนจัดเก็บหนังสือเก่า นว.
บนชั้น
  ขอยืม
7. วิทยาศาสตร์การแพทย์ และสุขภาพ
วิทยาศาสตร์การแพทย์ และสุขภาพ
สถานะ=หนังสือเก่า
WA590 ร481ท ฉ.6 
  Barcode: 20852
ห้องสมุดวิทยาเขตนครสวรรค์
►ส่วนจัดเก็บหนังสือเก่า นว.
บนชั้น
  ขอยืม
8. วิทยาศาสตร์การแพทย์ และสุขภาพ
วิทยาศาสตร์การแพทย์ และสุขภาพ
สถานะ=หนังสือเก่า
WA590 ร481ท ฉ.7 
  Barcode: 20853
ห้องสมุดวิทยาเขตนครสวรรค์
►ส่วนจัดเก็บหนังสือเก่า นว.
บนชั้น
  ขอยืม
9. วิทยาศาสตร์การแพทย์ และสุขภาพ
วิทยาศาสตร์การแพทย์ และสุขภาพ
สถานะ=หนังสือเก่า
WA590 ร481ท ฉ.8 
  Barcode: 20854
ห้องสมุดวิทยาเขตนครสวรรค์
►ส่วนจัดเก็บหนังสือเก่า นว.
บนชั้น
  ขอยืม
10. วิทยาศาสตร์การแพทย์ และสุขภาพ
วิทยาศาสตร์การแพทย์ และสุขภาพ
สถานะ=หนังสือเก่า
WA590 ร481ท ฉ.9 
  Barcode: 20855
ห้องสมุดวิทยาเขตนครสวรรค์
►ส่วนจัดเก็บหนังสือเก่า นว.
บนชั้น
  ขอยืม

รายการใกล้เคียง
    ผู้แต่ง [Rimer, Barbara K.]

    หัวเรื่อง [การส่งเสริมสุขภาพ]
    หัวเรื่อง [สุขภาพ]
    หัวเรื่อง [พฤติกรรมสุขภาพ]

BibComment


ยังไม่เคยถูกคอมเมนท์

คอมเมนท์ทรัพยากรรายการนี้
  คอมเมนท์: ทฤษฎีการสร้างเสร..


 Copyright 2026. Bcnsprnw @Library